| 000 | 00616nam a2200193Ia 4500 | ||
|---|---|---|---|
| 008 | 151121s9999||||xx |||||||||||||| ||und|| | ||
| 082 | _a813/जाअील | ||
| 082 | _bHNW-54304 | ||
| 100 | _aजाईल ना। ज। | ||
| 245 | _aविसरशील खास मला | ||
| 260 | _b"मधुर प्रकाशन, पुणे।" | ||
| 260 | _c-- | ||
| 300 | _a162 | ||
| 600 | _aजाईल ना। ज। | ||
| 630 | _aविसरशील खास मला | ||
| 700 | _aजाईल ना। ज। | ||
| 730 | _aविसरशील खास मला | ||
| 942 | _cBOOK | ||
| 999 |
_c1237625 _d1237622 |
||